LEADER 00874nam0-22002891i-450- 001 990003751760403321 005 20001010 035 $a000375176 035 $aFED01000375176 035 $a(Aleph)000375176FED01 035 $a000375176 100 $a20001010d--------km-y0itay50------ba 101 0 $aita 105 $ay-------001yy 200 1 $a<>relazioni fra lo stato pontificio e la Francia rivoluzionaria$estoria diplomatica del trattato tolentino$fGiustino Filippone 210 $aMilano$cGiuffrè$d1961. 215 $a314 p.$d23 cm 300 $aParte prima 700 1$aFilippone,$bGiustino$0142388 801 0$aIT$bUNINA$gRICA$2UNIMARC 901 $aBK 912 $a990003751760403321 952 $aA / FIL 2$b927$fBFS 959 $aBFS 996 $aRelazioni fra lo stato pontificio e la Francia rivoluzionaria$9508432 997 $aUNINA DB $aING01 LEADER 01109nam0M2200373--I450- 001 990000466850203316 005 19971112000000.0 010 $a0-7923-9811-4 035 $a0046685 035 $aUSA010046685 035 $a(ALEPH)000046685USA01 035 $a0046685 100 $aAug 14, D19971997||||| ITA@01 BA 101 $aeng 102 $aUS 105 $aa|||||||001yy 200 1 $aPiezoelectric actuators and ultrasonic motors$fby Kenji Uchino 210 $aBoston [etc.]$cKluwer Academic$dc1997 215 $aVIII, 349 p.$cill.$d24 cm 225 0 $aElectronic materials 410 1$12001$aElectronic materials 606 $aDispositivi elettronici 676 $a629.8315 700 $aUCHINO,$bKenji$0543355 801 0$aIT$bICCU$c19980723$gRICA 912 $a990000466850203316 951 $a629.831 5 UCH$b16115 Ing.$c629$d00072306 959 $aBK 969 $aTEC 979 $aJOHNNY$b90$c20010524$lUSA01$h1501 979 $c20020403$lUSA01$h1655 979 $aPATRY$b90$c20040406$lUSA01$h1632 996 $aPiezoelectric actuators and ultrasonic motors$9889089 997 $aUNISA